000 00439nam a2200181Ia 4500
001 10155
005 20260306161811.0
008 260306t1976||||xx |||||||||||||| ||spa||
041 _aESP
082 _a901
_bS85
100 _aSuárez Fernández, Luis
_eAUT
245 0 _aGrandes interpretaciones de la historia
260 _c1976
300 _a237 páginas :
_c18 cm.
650 _aGEN
654 _aCHU
942 _cLIB
_dJUS
_fJUS
_2ddc
_n
999 _c10155
_d10155